000 00564nam a2200181Ia 4500
001 11555
005 20260306162836.0
008 260306t2000||||xx |||||||||||||| ||spa||
041 _aESP
082 _a985.08
_bP43-4
100 _aTudela, Francisco
_eAUT
245 0 _aEl Perú en los albores del siglo XXI-4:
_bciclo de conferencias 1999-2000. Tudela/ Matos/ Lumbreras/ Mujica/ Guadalupe/ Yáñez/ Santa Cruz/ Salvador/ Zavaleta/Elmore
260 _c2000
300 _a315 páginas :
_c20 cm.
650 _aGEN
654 _aCHU
942 _cLIB
_dJUS
_fJUS
_2ddc
_n
999 _c11555
_d11555